Embedded systems : (Record no. 187810)
[ view plain ]
| 000 -LEADER | |
|---|---|
| fixed length control field | 00766nam a2200217Ia 4500 |
| 005 - DATE AND TIME OF LATEST TRANSACTION | |
| control field | 20230207115337.0 |
| 008 - FIXED-LENGTH DATA ELEMENTS--GENERAL INFORMATION | |
| fixed length control field | 210716s2009 xx 000 0 und d |
| 020 ## - INTERNATIONAL STANDARD BOOK NUMBER | |
| International Standard Book Number | 9780070667648 |
| 040 ## - CATALOGING SOURCE | |
| Transcribing agency | AIMIT LIBRARY |
| 041 ## - LANGUAGE CODE | |
| Language code of text/sound track or separate title | eng |
| 082 ## - DEWEY DECIMAL CLASSIFICATION NUMBER | |
| Classification number | 005.41 |
| Edition number | 2 |
| Item number | KAMR |
| 100 ## - MAIN ENTRY--PERSONAL NAME | |
| Personal name | Kamal, Raj. |
| 9 (RLIN) | 71026 |
| 245 ## - TITLE STATEMENT | |
| Title | Embedded systems : |
| Remainder of title | architecture programming and design / |
| Statement of responsibility, etc. | By Raj Kamal. |
| 250 ## - EDITION STATEMENT | |
| Edition statement | 2nd ed. |
| 260 ## - PUBLICATION, DISTRIBUTION, ETC. | |
| Place of publication, distribution, etc. | New Delhi : |
| Name of publisher, distributor, etc. | Tata McGraw Hill Publishing Company Ltd , |
| Date of publication, distribution, etc. | 2009. |
| 300 ## - PHYSICAL DESCRIPTION | |
| Extent | xxii,681 p.; |
| Other physical details | PB |
| Dimensions | 24.5 cm. |
| 650 ## - SUBJECT ADDED ENTRY--TOPICAL TERM | |
| Topical term or geographic name entry element | Devices and communication buses for devices network |
| 9 (RLIN) | 71027 |
| 650 ## - SUBJECT ADDED ENTRY--TOPICAL TERM | |
| Topical term or geographic name entry element | Real time operating systems |
| 9 (RLIN) | 71028 |
| 650 ## - SUBJECT ADDED ENTRY--TOPICAL TERM | |
| Topical term or geographic name entry element | Testing simulation and debugging techniques and tools |
| 9 (RLIN) | 71029 |
| 942 ## - ADDED ENTRY ELEMENTS (KOHA) | |
| Source of classification or shelving scheme | Dewey Decimal Classification |
| Koha item type | Book |
| Edition | 2nd |
| Call number prefix | 005.41 KAMR |
| Withdrawn status | Lost status | Damaged status | Not for loan | Collection code | Home library | Current library | Total Checkouts | Full call number | Barcode | Date last seen | Price effective from | Koha item type | Source of classification or shelving scheme | Source of acquisition | Cost, normal purchase price | Cost, replacement price |
|---|---|---|---|---|---|---|---|---|---|---|---|---|---|---|---|---|
| MCA | St Aloysius Institute of Management & Information Technology | St Aloysius Institute of Management & Information Technology | 005.41 KAMR | MCA07318 | 05/23/2026 | 07/16/2021 | Book | |||||||||
| Reference Book | MCA | St Aloysius Institute of Management & Information Technology | St Aloysius Institute of Management & Information Technology | 005.41 KAMR | MCA09255 | 07/21/2025 | 07/16/2021 | Book | Dewey Decimal Classification | Higginbothams Pvt Ltd | 375.00 | 281.25 | ||||
| MCA | St Aloysius Institute of Management & Information Technology | St Aloysius Institute of Management & Information Technology | 005.41 KAMR | MCA09256 | 05/23/2026 | 07/16/2021 | Book | Higginbothams Pvt Ltd | 375.00 | 281.25 | ||||||
| MCA | St Aloysius Institute of Management & Information Technology | St Aloysius Institute of Management & Information Technology | 005.41 KAMR | MCA09257 | 05/23/2026 | 07/16/2021 | Book | Higginbothams Pvt Ltd | 375.00 | 281.25 | ||||||
| MCA | St Aloysius Institute of Management & Information Technology | St Aloysius Institute of Management & Information Technology | 005.41 KAMR | MCA09258 | 05/23/2026 | 07/16/2021 | Book | Higginbothams Pvt Ltd | 375.00 | 281.25 | ||||||
| MCA | St Aloysius Institute of Management & Information Technology | St Aloysius Institute of Management & Information Technology | 005.41 KAMR | MCA09259 | 05/23/2026 | 07/16/2021 | Book | Higginbothams Pvt Ltd | 375.00 | 281.25 | ||||||
| MCA | St Aloysius Institute of Management & Information Technology | St Aloysius Institute of Management & Information Technology | 005.41 KAMR | MCA10385 | 05/23/2026 | 07/16/2021 | Book | Higginbothams Pvt Ltd | 395.00 | 296.25 |